000 01111nmc a2200337 a 4500
003 AR-BaBNM
005 20251128204317.0
008 015119s1990 ||||||||||||||000 | spa||
020 _a950-500-224-2
040 _cAR-BaBNM
100 1 _aLudojoski, Roque Luis
245 1 0 _aAntropogogía
_beducación permanente del hombre ; Introducción al problema de la antropología educativa en la perspectiva de la educación permanente
250 _a4ª ed.
260 _aBuenos Aires
_bGuadalupe
_c1990
300 0 _a143 p.
_bil.
490 0 _aBiblioteca pedagógica. Problemática de la educación
500 0 _aPrólogo e introducción por el autor
650 4 _aDESARROLLO DE LA PERSONALIDAD
650 4 _aRECURSOS EDUCACIONALES
650 4 _aDEMOCRATIZACION DE LA EDUCACION
650 4 _aSIGLO VEINTE
650 4 _aACTIVIDADES INTEGRADAS
650 4 _aTEORIAS DE LA EDUCACION
650 4 _aEDUCACION DE ADULTOS
650 4 _aCAMBIO SOCIAL
650 4 _aANTROPOLOGIA CULTURAL Y SOCIAL
653 0 _aESTRATEGIAS EDUCATIVAS
653 0 _aMODELOS EDUCATIVOS
942 _cBK
998 _cCarmen
999 _c6976
_d6976